MDQL
is popping MORE tags! Check the
thread
!
Quizzes
Events
Quiz Creation
Community
Videos
Private Events
Remove Ads
Sign In
Join for FREE
Feedback
Dark Mode
Quiz Categories
Sports
Geography
Music
Movies
Television
Just For Fun
Miscellaneous
History
Literature
Language
Science
Gaming
Entertainment
Religion
Holiday
For Kids
Quiz Lab
Recent
Popular Today
Quiz Kudos Today
Editor Picks
Curator Picks
Quizzes by...
Day
Popularity
Type
Ratings
Length
Year
Community
Subscriptions
Recent Discussions
Orange Saloon
Badges
Playlists
Quests
Create
Leaderboards
Showdown
Live 5
Trivia Bingo
Activity
Puzzle Library
Sporcle Events
Private Events
Virtual Trivia
Globe League
Become a Host
Pub Owners
SporcleCon
Opinionation
Our Games
Videos
Blog
Mobile Apps
Partnerships
Remove Ads and Go Orange
Feedback
Movies
Disney
Marvel Cinematic Universe
Movie Resume
Movie Titles
Oscar
Actor
Actress
Director
Pixar
Role
Movie Quotes
Movie Characters
Box Office
Nominee
Best Picture
Star Wars
James Bond
Horror Movies
Movies
Disney
Marvel Cinematic Universe
Movie Resume
Movie Titles
Oscar
Actor
Actress
Director
Pixar
Role
Movie Quotes
Movie Characters
Box Office
Nominee
Best Picture
Star Wars
James Bond
Horror Movies
Random Quiz
Search Sporcle
×
Quiz Lab
Quiz Lab
Movies
Actor
Type in answers that appear in a list
Type in answers that appear in a list
Classic
Best Score? Go Orange.
Actor by Villains Stats
Can you name the actor by the villains they portrayed?
By
dylanmitchell
5m
12 Questions
326 Plays
326 Plays
326 Plays
Comments
Comments
Give Quiz Kudos
Give Quiz Kudos
-
- Ratings
hide this ad
Replay
Link that replays current quiz
Next Quiz
Link to next quiz in quiz playlist
You Got
0%
They Got
Avg Score
71%
Avg Friend Score
Upgrade to see
Score Distribution
Jump to the score distribution portion of the page
Score
0/12
Timer
05:00
0
Plays Today
Villains
Actor
% Correct
The Riddler, The Grinch, Count Olaf
Jim Carrey
97.2%
Jack Torrance, The Joker, Colonel Nathan Jessup
Jack Nicholson
94.2%
The Penguin, Harry Wormwood, Swackhammer
Danny DeVito
92.6%
Don Vito Corleone, Travis Bickle, Max Cady
Robert De Niro
91.1%
Roger 'Verbal' Kint, John Doe, Hopper
Kevin Spacey
86.7%
Michael Corleone, Tony Montana, John Milton
Al Pacino
84.2%
Amon Goeth, Francis Dolarhyde, Lord Voldemort
Ralph Fiennes
82.2%
Hans Gruber, Sheriff of Nottingham, Judge Turpin
Alan Rickman
81.6%
Alex Forrest, Isabelle de Merteuil, Cruella De Vil
Glenn Close
81.3%
Tommy DeVito, Harry Lime, Nicky Santoro
Joe Pesci
78.8%
Meredith Johnson, Dallas Grimes, Madison Lee
Demi Moore
58.9%
Mitch Leary, Cyrus 'The Virus' Grissom, Quentin Turnbull
John Malkovich
56.1%
Quiz Playlist
Details
Report
Send in Message
Add To Playlist
Classic:
Type in answers that appear in a list
Last Updated: Feb 16, 2017
Quiz Scoreboard
CHALLENGE
Sign Up to Join the Scoreboard
Show All
Scores
Hide
Comments
May contain spoilers
Recently Published
Image Sorting: Flags VI
by Barbecue
Geography
2m
Find the 'City' Movie
by crazypaving
Movies
60s
Colored Red Africa Blitz
by spor1
Geography
45s
More to Explore
Quiz From the Vault
Featured Blog Post
14 Easter Pick-up Lines to Find Eggs With
hide this ad
You Might Also Like...
Tags
Actor Quiz
Portrayed
Villains
Today's Top Quizzes in Movies
Browse Movies
hide this ad
Today's Top Quizzes in Actor
Browse Actor
Top Contributed Quizzes in Movies
1
Find The 'Big' Movie
2
Find The 'Wild' Movie
3
Find The 'Blue' Movie
4
Movies By Plot
5
Hidden Star Wars Character II
6
Pick 5 Posters: Directed by Spielberg
7
The ultimate James Bond movie quiz
8
Hidden Star Wars Character III
9
Hidden Star Wars Character IV
10
25 Best Actor Nominees (1990s)
Explore More
Trending Topics
Crossword
Marvel
NBA
Disney
Kpop
Harry Potter
Anime
Pokémon
Puzzle
Song
NFL
The Office
Country
WWE
Soccer
hide this ad
More By:
dylanmitchell
Quiz
Plays
Rating
Category
Featured
Created
Full House Character Descriptions
1,311
2.50
Television
Nov 11, 2011
Stand By Me Trivia
1,131
3.80
Movies
Mar 9, 2012
Full House Trivia
725
5.00
Television
Apr 29, 2012
TV Dads by Actor
692
4.20
Television
Apr 22, 2013
Grown Ups Characters
537
3.00
Movies
Nov 12, 2011
Go to Creator's Profile
Score Distribution
Quiz Creator Spotlight
dylanmitchell
Follow
Send a Message
Quizzes Created
-
Created Quiz Play Count
-
More By This Creator
Popular Quizzes Today
1
Colored Red Africa Blitz
2
Find the US States - No Outlines Minefield
3
Find the 'City' Movie
4
5x2 Blitz: Bands
5
The Countries of the World
6
Find the US States
7
Find the Countries of Europe - No Outlines Minefield
8
US States
More Movies Quizzes
Four Jennifers Movie Slideshow
Published
Trending Quizzes
Colored Red Europe Blitz I
Colored Red Europe Blitz II
Colored Red Africa Blitz II
Colored Red Europe Blitz III
Colored Red Africa Blitz III
Recently Updated
How Do You Spell That?
pecheneg
Godzilla Movies
pecheneg
Grab Bag: 4-10 Letters
pecheneg
2024 March Madness Bracket
pecheneg
Famous TV Couples
Peacemaker
Champions League XIs: Real Madrid
pecheneg
Largest US Cities 1790-2010
pecheneg
Rides in Walt Disney World
pecheneg
Most Oscar Losses (Acting)
pecheneg
Beyoncé Albums
pecheneg
Trending Topics
Anime
Crossword
NBA
Disney
Kpop
Harry Potter
Marvel
Pokémon
WWE
Country
The Office
Soccer
Song
Puzzle
NFL
Your Account Isn't Verified!
In order to create a playlist on Sporcle, you need to verify the email address you used during registration. Go to your
Sporcle Settings
to finish the process.
Report this User
Report this user for behavior that violates our
Community Guidelines
.
Details:
Send Report
Go to the Sporcle.com Mobile Site →
Comments